| 000 | 00476nam a2200193Ia 4500 | ||
|---|---|---|---|
| 005 | 20240823045754.0 | ||
| 008 | 240823s9999||||xx |||||||||||||| ||und|| | ||
| 020 | _a0-07-035341-7 | ||
| 041 | _aENGLISH | ||
| 082 | _A670.285Q2 | ||
| 100 | _aKoren Yoram | ||
| 245 | 0 | _acomputer control of Manufacturing | |
| 250 | _a1st | ||
| 260 |
_c2012 _b"Tata Mcgraw Hill,New " |
||
| 500 | _aYES | ||
| 650 |
_aManufacturing Engineering _bMechanical |
||
| 942 | _cBK | ||
| 999 |
_c215727 _d215727 |
||